<?xml version="1.0" encoding="UTF-8"?>
<collection xmlns="http://www.loc.gov/MARC21/slim">
  <record>
    <leader>00000nam  2200000   4500</leader>
    <controlfield tag="001">INLIS000000000017314</controlfield>
    <controlfield tag="005">20240830113537</controlfield>
    <datafield tag="035" ind1="#" ind2="#">
      <subfield code="a">0010-0724000047</subfield>
    </datafield>
    <controlfield tag="007">ta</controlfield>
    <controlfield tag="008">240830################|##########|#|##</controlfield>
    <datafield tag="084" ind1="#" ind2="#">
      <subfield code="a">R 028 PKA 2023</subfield>
    </datafield>
    <datafield tag="100" ind1=" " ind2="#">
      <subfield code="a">Sri Ethicawati</subfield>
    </datafield>
    <datafield tag="245" ind1="1" ind2="#">
      <subfield code="a">Optimalisasi Layanan Konseling Kinerja Pegawai Untuk Peningkatan Kinerja RSUD Siti Fatimah Provinsi Sumatera Selatan /</subfield>
      <subfield code="c">Sri Ethicawati</subfield>
    </datafield>
    <datafield tag="260" ind1="#" ind2="#">
      <subfield code="a">Jakarta :</subfield>
      <subfield code="b">Pusbangkom Pimnas dan Manajerial ASN,</subfield>
      <subfield code="c">2023</subfield>
    </datafield>
    <datafield tag="300" ind1="#" ind2="#">
      <subfield code="a">160 halaman ;</subfield>
      <subfield code="c">30 cm</subfield>
    </datafield>
    <datafield tag="650" ind1="#" ind2="4">
      <subfield code="a">Layanan Konseling</subfield>
    </datafield>
    <datafield tag="650" ind1="#" ind2="4">
      <subfield code="a">Peningkatan Kinerja</subfield>
    </datafield>
    <datafield tag="520" ind1="#" ind2="#">
      <subfield code="a">Pengaturan mengenai penilaian kinerja PNS diatur lebih lanjut dalam Peraturan Pemerintah Nomor 30 Tahun 2019 tentang Penilaian Kinerja Pegawai Negeri Sipil. yang mengatur bahwa Sistem Manajemen Kinerja Pegawai Negeri Sipil adalah suatu proses sistematis yang terdiri dari (1) perencanaan kinerja; (2) pelaksanaan, pemantauan, dan pembinaan kinerja; (3) penilaian kinerja; (4) tindak lanjut; dan (5) sistem informasi kinerja. Ketentuan penegakkan disiplin dan penilaian kinerja selain menggunakan  aturan kepegawaian untuk PNS dan PPPK yang diatur dengan PP Nomor 2019 dan PP Nomor 94 Tahun 2021 dan diatur pula dengan Peratiran Direktur RSUD Siti Fatimah Nomor 01 Tahun 2021 tentang Budaya Kerja dan Tata Tertib Pegawai, yang sebelumnya diatur dengan Keputusan Direktur Nomor 445/114/KPTS/RSUD-SF/2018 dan Keputusan Direktur Nomor 445/116/KPTS/RSUD-SF/2018, serta ketentuan hak dan kewajiban pegawai yang diatur dalam Surat Perjanjian Kerja (SPK) untuk pegawai non-ASN.</subfield>
    </datafield>
    <datafield tag="856" ind1="#" ind2="#">
      <subfield code="a">Perpustakaan LAN Pusat</subfield>
    </datafield>
    <datafield tag="990" ind1="#" ind2="#">
      <subfield code="a">24.07.028</subfield>
    </datafield>
  </record>
</collection>
